000 00300nam a2200133Ia 4500
005 20260328104332.0
008 260328s9999||||xx |||||||||||||| ||und||
100 _aWerner, Hans
245 0 _aAi Weiwei /
_cHans Werner
260 _bTaschen
300 _a499 p.
650 _aIMAGENES
942 _cBK
999 _c11750
_d11750